000 03109cam a22006014i 4500
003 PE-LiUPU
005 20250731180146.0
008 150706s r 000 0 d
020 _a9788431317294
035 _a(Sirsi) i9788431317294
035 _a(Sirsi) i9788431317294
040 _aPE-LiUPU
_bspa
_cPE-LiUPU
_erda
049 _aPRUA
082 0 4 _a501
_bA78
_221
100 1 _aArtigas, Mariano,
_eautor.
245 1 0 _aFilosofía de la ciencia /
_cMariano Artigas.
250 _a2a
264 1 _aNavarra, España :
_bEUNSA,
_c2009.
300 _a291 páginas ;
_c24 cm.
336 _atext
_2rdacontent
337 _aunmediated
_2rdamedia
338 _avolume
_2rdacarrier
490 0 _aIniciación filosófica
504 _aIncluye bibliografía.
505 0 _aNaturaleza de la filosofía de la ciencia -- El desarrollo histórico de la ciencia -- Elementos científicos de la antigüedad -- Origen y desarrollo de la ciencia moderna -- La ciencia en el mundo contemporáneo -- La ciencia en el mundo contemporáneo -- Las revoluciones científicas del siglo XX -- La reflexión filosófica sobre la ciencia -- Diversas posiciones filosóficas ante la ciencia -- Nacimiento y desarrollo sistemático de la filosofía de la ciencia -- Principales corrientes actuales de la filosofía de la ciencia -- Denuncias contra el cientificismo y la tecnología en las filosofías del siglo XX. -La naturaleza de la ciencia -- Naturaleza de la ciencia -- La diversidad de las ciencias -- Unidad y anatomía de las ciencias -- El método de las ciencias -- Las ciencias naturales y sus métodos -- Descubrimiento y justificación racional en la ciencia -- El método de las ciencias humanas -- Las construcciones científicas -- Conceptos científicos -- Las teorías científicas -- El valor de la ciencia -- Verdad y objetividad en las ciencias -- El realismo científico -- Ciencia y filosofía -- Ciencias y valores humanos.
526 _aSEG44
526 _aSEG26
526 _aP159
526 _aP155
526 _aP154
526 _aP153
526 _aP150
526 _aP100
526 _aP31
526 _aP30
526 _aP26
526 _aP25
526 _aP24
526 _aP22
526 _aP15
526 _aP10
541 _g0013416;
650 0 4 _aFilosofía de la ciencia.
650 0 4 _aCiencia
_xHistoria.
650 0 4 _aCiencia
_xAspectos económicos.
650 0 4 _aCiencia
_xAspectos éticos y morales.
910 _agl
_bjv
_clch
_d20120305
942 _2ddc
_cBOOK
949 _aPGE 501 A78
_wDEWEY
_c1
_i64310
_lPOSTGRADO
_mBUL
_p42.00
_r0
_sY
_tBOOK
_u2015-7-6
_xPOSGRADO
_PP57
_o.CIRCNOTE. No olvidar cambiar la fecha de devolución!!!!!!!
_o.STAFF. Colección General
994 _aC0
_bPEPRU
596 _a1
999 _aPGE 501 A78
_wDEWEY
_c53098
_i64310
_d53098
_e2019-6-4
_f2021-11-8
_g5
_lCCODEBUL1
_mBUL
_n2
_p42.00
_r0
_sY
_tBOOK
_u2015-7-6
_xEDUCACION
_PP57
_0COMPRA
_o.CIRCNOTE. No olvidar cambiar la fecha de devolución!!!!!!!
_o.STAFF. Colección General
980 _81
_gALBERTO SANCHEZ Responsable de Automatización